La planificación de los transportes (Record no. 106662)

MARC details
000 -LEADER
fixed length control field nam a22 7a 4500
005 - DATE AND TIME OF LATEST TRANSACTION
control field 20191025123620.0
008 - FIXED-LENGTH DATA ELEMENTS--GENERAL INFORMATION
fixed length control field 191015b ag ||||| |||| 00| 0 spa d
050 04 - LIBRARY OF CONGRESS CALL NUMBER
Classification number HE191
Item number O94 1966
100 1# - MAIN ENTRY--PERSONAL NAME
Personal name Owen, Wilfred
240 1# - UNIFORM TITLE
Uniform title Strategy for mobility
Language of a work Español
245 13 - TITLE STATEMENT
Title La planificación de los transportes
Remainder of title : soluciones para los países en desarrollo
Statement of responsibility, etc / Wilfred Owen traducción Christina Souverbielle.
250 ## - EDITION STATEMENT
Edition statement 1a ed.
260 ## - PUBLICATION, DISTRIBUTION, ETC. (IMPRINT)
Place of publication, distribution, etc Buenos Aires, Argentina :
Name of publisher, distributor, etc Troquel,
Date of publication, distribution, etc 1966
300 ## - PHYSICAL DESCRIPTION
Extent 241 p. ;
Dimensions 23 cm.
504 ## - BIBLIOGRAPHY, ETC. NOTE
Bibliography, etc Bibliografía : p. 235 - 241
650 #7 - SUBJECT ADDED ENTRY--TOPICAL TERM
Source of heading or term lemb
Topical term or geographic name as entry element Transporte
General subdivision Desarrollo económico
650 #7 - SUBJECT ADDED ENTRY--TOPICAL TERM
Source of heading or term lemb
Topical term or geographic name as entry element Transporte
General subdivision Zonas subdesarrolladas
700 1# - ADDED ENTRY--PERSONAL NAME
Personal name Souverbielle, Christina,
Relator term traductor
942 ## - ADDED ENTRY ELEMENTS (KOHA)
Source of classification or shelving scheme Biblioteca del Cogreso de los Estados Unidos
Koha item type Libro
Holdings
Estado de pérdida Fuente de clasificación Estado del daño No para préstamo Ubicación permanente Ubicación actual Apartado o colección Fecha de adquisición Edición Área del conocimiento Clasificación Código de Barras Date last seen Número de copia Costo por reposición Tipo de recurso
  Biblioteca del Cogreso de los Estados Unidos     Biblioteca de la Unidad de Ciencias Ingeniería y Humanidades Biblioteca de la Unidad de Ciencias Ingeniería y Humanidades General 15/10/2019 1a ed. Ciencias Sociales y Administrativas HE191 O94 1966 BCU000008471 15/10/2019 C : 1 1.00 Libro